000 00328nam a2200121Ia 4500
008 240731s9999 xx 000 0 und d
022 _a1552-4264
245 0 _aJournal of Social Work in End-of-Life & Palliative Care
260 _bRoutledge
856 _uhttps://www.tandfonline.com/loi/wswe20
942 _2ddc
942 _cTFEJ
999 _c78173
_d78173
945 _a1
_bMadushi Gamage
_c1
_dMadushi Gamage